Gold: advances in precious metals recovery
Guardat en:
| Autors principals: | , |
|---|---|
| Format: | Llibre |
| Idioma: | anglès |
| Publicat: |
Nueva York
Gordon and Breach Science Publishers
1990
|
| Matèries: | |
| Etiquetes: |
Afegir etiqueta
Sense etiquetes, Sigues el primer a etiquetar aquest registre!
|
MARC
| LEADER | 00000nam a2200000 a 4500 | ||
|---|---|---|---|
| 001 | UCT4029 | ||
| 003 | CL-VaPUC | ||
| 008 | 961105e19900000US |||||||||||||||||eng|d | ||
| 082 | 0 | 4 | |a 669.22 |b ARB |2 21 |
| 100 | 0 | |a Arbiter, Nathaniel |e author |9 373120 | |
| 700 | 0 | |a Han, Kenneth N |e author |9 373121 | |
| 245 | 1 | 0 | |a Gold: advances in precious metals recovery |
| 300 | |a 232 p | ||
| 942 | |c BK | ||
| 945 | |d 19961105 00:00:00 |a paguirre | ||
| 260 | |a Nueva York |b Gordon and Breach Science Publishers |c 1990 | ||
| 650 | 0 | |a Química |9 259896 | |
| 650 | 0 | |a Metales |9 260686 | |
| 650 | 7 | |a ORO |2 CL-VaPUC |9 324927 | |
| 650 | 7 | |a TECNOLOGIA METALURGICA |2 CL-VaPUC |9 342977 | |
| 650 | 7 | |a QUIMICA METALURGICA |2 CL-VaPUC |9 361125 | |
| 650 | 0 | |a Hidrometalurgia |9 352265 | |
| 583 | |a last modification |c 20130123 01:32:35 |k Rodrigo Vera | ||
| 999 | |c 253493 |d 253491 | ||
| 952 | |0 0 |1 0 |4 0 |6 669_220000000000000_ARB_1990 |7 0 |8 A |9 274372 |a BIBCUR |b BIBCUR |d 2019-11-19 |i 1784579 |o 669.22 ARB 1990 |p 1784579 |r 2025-04-22 |w 2019-11-19 |y BK |k QUI | ||